Electricity and magnetism/ (Record no. 152936)

MARC details
000 -LEADER
fixed length control field 00624nam a22002177a 4500
005 - DATE AND TIME OF LATEST TRANSACTION
control field 20180626105439.0
010 ## - LCCN (DPL NO)
LC control number ENG-123287
020 ## - INTERNATIONAL STANDARD BOOK NUMBER
Terms of availability 425.00
International Standard Book Number 9789352534319
035 ## - SYSTEM CONTROL NUMBER
System control number EN-106819
037 ## - SOURCE OF ACQUISITION
Source of stock number/acquisition DBAD/PUB
082 ## - DEWEY DECIMAL CLASSIFICATION NUMBER
Classification number 537
100 ## - MAIN ENTRY--PERSONAL NAME
Personal name Murugeshan, R
245 ## - TITLE STATEMENT
Title Electricity and magnetism/
Statement of responsibility, etc by R Murugeshan
250 ## - EDITION STATEMENT
Edition statement 10th ed
260 ## - PUBLICATION, DISTRIBUTION, ETC. (IMPRINT)
Place of publication, distribution, etc New Delhi
Name of publisher, distributor, etc S Chand Publishing
Date of publication, distribution, etc 2017
270 ## - ADDRESS
Address Ram Nagar.
City New Delhi
Postal code 110055
300 ## - PHYSICAL DESCRIPTION
Extent 478p.
Dimensions 24cm(pbk)
500 ## - GENERAL NOTE
General note For BSc Physics students of all Indian universities
500 ## - GENERAL NOTE
General note It includes index
942 ## - ADDED ENTRY ELEMENTS (KOHA)
Source of classification or shelving scheme Dewey Decimal Classification
Item type English Books
Call number suffix MUR
Classification part 537
Holdings
Withdrawn status Lost status Not for loan Collection code Home library Current library Date acquired Source of acquisition Cost, normal purchase price Full call number Barcode Copy number Cost, replacement price Koha item type
    Not For Loan Non-fiction D.B.Act.Division Central Library 21/06/2018 DBAD/PUB 425.00 537 MUR EN-106819 1 425.00 English Books

© Delhi Public Library
Hit Counter
free hit counter